| 000 | 00420 a2200133 4500 | ||
|---|---|---|---|
| 001 | 87908 | ||
| 082 | _aPR 259 | ||
| 090 |
_c41375 _d41375 |
||
| 100 | _aSiddiq Akbar and Jawad M.; Tauqeer ul Islam Prof. | ||
| 245 |
_aCFD analysis and design refinement of killer drone models for selection of a final design _nG-66 |
||
| 260 |
_aRisalpur _bNUST _c2009 |
||
| 300 |
_axiii, 109 p. _ewith CD |
||
| 500 | _aBE project reports AE | ||
| 942 |
_aCAE NUST _kPR 259 |
||
| 999 |
_c322981 _d322981 |
||